[Event "1st Sergiy Shystarev Memorial 2020"]
[Site "Kyiv"]
[Date "2020.08.30"]
[Round "8.2"]
[White "Sivuk, Vitaly"]
[Black "Matviishen, Viktor"]
[Result "1-0"]
[WhiteElo "2545"]
[BlackElo "2505"]
[Annotator "ChessBase"]
[PlyCount "113"]
[EventDate "2020.08.25"]
[EventCountry "UKR"]
[SourceTitle "playchess.com"]
[Source "ChessBase"]
[SourceQuality "1"]
[TimeControl "5400+30"]

1. c4 {[%emt 0:00:00]} c6 {[%emt 0:00:00]} 2. d4 {[%emt 0:00:00]} d5 {[%emt 0:00:00]} 3. Nf3 {[%emt 0:00:02]} Nf6 {[%emt 0:00:00]} 4. Nc3 {[%emt 0:00:09]} e6 {[%emt 0:00:00]} 5. Bg5 {[%emt 0:00:15]} h6 {[%emt 0:00:00]} 6. Bh4 {[%emt 0:00:10]} dxc4 {[%emt 0:00:12]} 7. e4 {[%emt 0:00:08]} g5 {[%emt 0:00:03]} 8. Bg3 {[%emt 0:00:08]} b5 {[%emt 0:00:04]} 9. h4 {[%emt 0:00:20]} g4 {[%emt 0:00:05]} 10. Ne5 {[%emt 0:00:05]} Nbd7 {[%emt 0:00:50]} 11. Be2 {[%emt 0:00:47]} Bb7 {[%emt 0:01:08]} 12. Nxd7 {[%emt 0:02:26]} Qxd7 {[%emt 0:00:06]} 13. Be5 {[%emt 0:00:13]} Qe7 {[%emt 0:00:08]} 14. Qc2 {[%emt 0:01:28]} Rg8 {[%emt 0:06:14]} 15. b3 {[%emt 0:01:04]} Nd7 {[%emt 0:00:14]} 16. Bg3 {[%emt 0:00:11]} b4 {[%emt 0:00:06]} 17. Na4 {[%emt 0:00:12]} c3 {[%emt 0:00:05]} 18. a3 {[%emt 0:01:48]} Bg7 {[%emt 0:07:10]} 19. e5 {[%emt 0:06:49]} a5 {[%emt 0:26:37]} 20. axb4 {[%emt 0:00:16]} axb4 {[%emt 0:00:02]} 21. O-O {[%emt 0:03:49]} c5 {[%emt 0:04:15]} 22. Bb5 {[%emt 0:07:29]} cxd4 {[%emt 0:02:11]} 23. Nb6 {[%emt 0:06:12]} Rxa1 {[%emt 0:04:03]} 24. Rxa1 {[%emt 0:00:12]} Qc5 {[%emt 0:00:44]} 25. Qh7 {[%emt 0:03:59]} Qxb5 {[%emt 0:09:05]} 26. Qxg8+ {[%emt 0:00:15]} Bf8 {[%emt 0:00:44]} 27. Nc4 {[%emt 0:00:20]} Qd5 {[%emt 0:07:05]} 28. Nd6+ {[%emt 0:00:14]} Kd8 {[%emt 0:00:03]} 29. Nxb7+ {[%emt 0:00:26]} Qxb7 {[%emt 0:00:06]} 30. Bf4 {[%emt 0:17:54]} Ke7 {[%emt 0:10:30]} 31. Qxg4 {[%emt 0:08:57]} d3 {[%emt 0:01:56]} 32. Be3 {[%emt 0:06:06]} d2 {[%emt 0:00:25]} 33. Kh2 {[%emt 0:15:39]} Ke8 {[%emt 0:01:43]} 34. Ra5 {[%emt 0:04:57]} Qc6 {[%emt 0:12:39]} 35. Kh3 {[%emt 0:09:27]} Kd8 {[%emt 0:00:05]} 36. Qe2 {[%emt 0:01:01]} Kc8 {[%emt 0:02:51]} 37. f3 {[%emt 0:01:58]} h5 {[%emt 0:03:05]} 38. Bxd2 {[%emt 0:01:33]} cxd2 {[%emt 0:00:09]} 39. Qxd2 {[%emt 0:00:02]} Be7 {[%emt 0:03:59]} 40. Qf4 {[%emt 0:01:05]} f6 {[%emt 0:00:43]} 41. exf6 {[%emt 0:00:20]} Nxf6 {[%emt 0:00:03]} 42. Ra7 {[%emt 0:01:18]} Nd5 {[%emt 0:00:19]} 43. Qe5 {[%emt 0:00:50]} Bf6 {[%emt 0:00:25]} 44. Qe4 {[%emt 0:00:24]} Qd6 {[%emt 0:00:46]} 45. g3 {[%emt 0:00:23]} Bd8 {[%emt 0:00:19]} 46. Rg7 {[%emt 0:00:35]} Qa6 {[%emt 0:00:11]} 47. Qe1 {[%emt 0:01:01]} Be7 {[%emt 0:00:56]} 48. f4 {[%emt 0:00:28]} Kd7 {[%emt 0:00:27]} 49. Rg6 {[%emt 0:00:31]} Bf6 {[%emt 0:00:45]} 50. Qd1 {[%emt 0:00:09]} Ke7 {[%emt 0:00:09]} 51. Rh6 {[%emt 0:00:16]} Ne3 {[%emt 0:00:43]} 52. Rh7+ {[%emt 0:00:26]} Kf8 {[%emt 0:00:00]} 53. Qf3 {[%emt 0:01:00]} e5 {[%emt 0:01:26]} 54. Rxh5 {[%emt 0:00:19]} Qc8+ {[%emt 0:00:32]} 55. g4 {[%emt 0:00:14]} Qc3 {[%emt 0:00:28]} 56. fxe5 {[%emt 0:00:29]} Nd5 {[%emt 0:00:17]} 57. Rf5 {[%emt 0:00:13]} 1-0

[Event "1st Sergiy Shystarev Memorial 2020"]
[Site "Kyiv"]
[Date "2020.08.30"]
[Round "8.3"]
[White "Shishkin, Vadim"]
[Black "Zubarev, Alexander"]
[Result "1-0"]
[WhiteElo "2469"]
[BlackElo "2430"]
[Annotator "TA"]
[PlyCount "153"]
[EventDate "2020.08.25"]
[EventCountry "UKR"]
[SourceTitle "playchess.com"]
[Source "ChessBase"]
[SourceQuality "1"]

{[%evp 17,153,22,40,22,37,10,10,0,44,40,46,13,44,44,59,49,48,51,70,31,39,40,44,9,32,30,23,0,0,0,24,14,16,0,0,0,0,0,0,0,0,0,0,0,0,0,0,0,0,0,0,0,0,0,0,0,0,-8,-8,-12,-15,-12,-12,-12,0,-8,0,-16,-15,-17,-17,-19,0,0,0,-44,9,6,14,15,14,5,57,45,90,89,89,89,90,89,97,97,97,97,132,131,123,47,47,41,195,159,159,94,59,58,244,230,417,349,445,405,482,482,482,329,484,484,484,484,482,468,754,739,688,662,1010,956,4631,2293,4631,4631,4627,4627,1253,0,0,0]} 1. d4 Nf6 2. c4 Nc6 3. Nf3 e6 4. Nc3 Bb4 5. Qc2 d6 6. Bd2 O-O 7. a3 Bxc3 8. Bxc3 a5 9. e3 Qe7 10. Bd3 {E33: Nimzo-Indian: Classical: 4...Nc6.} e5 {...e4 is the strong threat.} 11. dxe5 (11. d5 $5 {[%cal Rd5c6]} Nb8 12. O-O $14) 11... dxe5 12. Ng5 {[%cal Rg5h7]} h6 {[#]} 13. Nh7 $146 ({Predecessor:} 13. Ne4 Nxe4 14. Bxe4 Nd4 15. exd4 exd4 16. Bxd4 f5 17. O-O-O fxe4 18. Rhe1 Bf5 19. Re3 {0-1 (45) Rajlich,I (2411)-Warszawski,B (2259) Warsaw 2007}) 13... Nxh7 14. Bxh7+ Kh8 15. Be4 Nd8 16. O-O f5 17. Bf3 a4 18. Rfd1 e4 19. Be2 Be6 20. Qd2 Nc6 21. Bb4 Nxb4 22. Qxb4 c5 23. Qc3 f4 24. exf4 Rxf4 25. Rd2 Raf8 26. Bf1 Qf7 {[%cal Rf4f2]} 27. Qe3 b6 28. Re1 Bg4 29. Qg3 Bh5 30. h3 Qf6 31. Re3 Kg8 32. Re1 Kh7 33. Re3 Be8 34. Re1 Bh5 35. Re3 Be8 36. Re1 Bc6 37. Qe3 Qg6 38. Kh2 R8f6 39. Red1 Qf5 {[%cal Rf4f2]} 40. Kg1 Qe5 41. Re1 Qf5 42. Red1 Rg6 {Threatens to win with ...Rf3.} 43. Kh1 Qe5 44. Re1 Qg5 45. g3 Rff6 {And now ...Qh5 would win.} 46. Bg2 Re6 (46... Qxe3 $15 47. Rxe3 Rd6 48. Rxd6 Rxd6) 47. Qxg5 Rxg5 48. Re3 Rgg6 49. Rde2 Rd6 (49... Re7 $11) 50. Bxe4 Bxe4+ 51. Rxe4 $14 {[%mdl 4096] Endgame KRR-KRR} Rd3 52. Kg2 Rgd6 53. h4 Rd2 54. h5 Rxe2 55. Rxe2 $16 {KR-KR} Rd3 56. Kh3 Kg8 57. f4 ({Better is} 57. Kg4 $16) 57... Kf7 $14 58. Kg4 Kf6 $2 (58... Rb3 $1 $14) 59. Re8 $1 $18 Rb3 60. Ra8 (60. Rf8+ $142 Ke6 61. Ra8) 60... Rxb2 61. Rxa4 Rb3 $2 {[#]} ({Black should try} 61... g6 $1 $14) 62. Ra6 $1 Kf7 $2 (62... Ke6 63. Ra7 Kf6) 63. a4 {[%cal Ba3a4,Ba4a5,Ba5a6][%mdl 32]} Ke7 64. a5 b5 65. cxb5 Rxb5 {If only Black now had time for ...c4....} 66. Rg6 Kf7 (66... Rxa5 $142 67. Rxg7+ Ke6 68. Rg6+ Kd5 69. Rxh6 Ra8) 67. a6 c4 68. Rc6 Ra5 {[#]} 69. Kf3 $1 c3 (69... Rxh5 $142 70. Ke4 Ra5) 70. Ke3 c2 71. Kd2 Ra2 72. g4 Kg8 73. g5 hxg5 74. fxg5 Kh7 75. Kc1 Ra5 76. g6+ $2 (76. Kxc2 $18 Rxg5 77. a7) 76... Kh6 $11 77. Kxc2 {[%mdl 32768] Accuracy: White = 84%, Black = 64%. . Sensor Board Error (Ke4/e5)?} 1-0

[Event "1st Sergiy Shystarev Memorial 2020"]
[Site "Kyiv"]
[Date "2020.08.30"]
[Round "8.4"]
[White "Vysochin, Spartak"]
[Black "Sydoryka, Vladyslav"]
[Result "1-0"]
[WhiteElo "2501"]
[BlackElo "2355"]
[Annotator "ChessBase"]
[PlyCount "73"]
[EventDate "2020.08.25"]
[EventCountry "UKR"]
[SourceTitle "playchess.com"]
[Source "ChessBase"]
[SourceQuality "1"]
[TimeControl "5400+30"]

1. e4 {[%emt 0:00:00]} c6 {[%emt 0:00:00]} 2. d4 {[%emt 0:00:00]} d5 {[%emt 0:00:00]} 3. f3 {[%emt 0:00:00]} e6 {[%emt 0:00:02]} 4. Nc3 {[%emt 0:00:02]} Nf6 {[%emt 0:00:08]} 5. e5 {[%emt 0:04:02]} Nfd7 {[%emt 0:00:13]} 6. f4 {[%emt 0:00:12]} c5 {[%emt 0:00:06]} 7. Nf3 {[%emt 0:00:04]} Nc6 {[%emt 0:00:07]} 8. Be3 {[%emt 0:00:05]} Qb6 9. Na4 Qa5+ {[%emt 0:01:16]} 10. c3 {[%emt 0:10:56]} cxd4 {[%emt 0:00:37]} 11. b4 {[%emt 0:00:21]} Qc7 {[%emt 0:08:21]} 12. Nxd4 {[%emt 0:03:42]} Nxd4 {[%emt 0:08:30]} 13. Bxd4 Be7 {[%emt 0:06:34]} 14. Bd3 {[%emt 0:03:09]} a6 15. O-O {[%emt 0:04:25]} O-O {[%emt 0:07:29]} 16. Qe2 {[%emt 0:05:51]} g6 {[%emt 0:04:59]} 17. Qe3 {[%emt 0:02:23]} Rb8 {[%emt 0:10:47]} 18. Nb2 {[%emt 0:01:49]} b6 {[%emt 0:05:22]} 19. Nd1 {[%emt 0:02:03]} f5 20. exf6 Nxf6 {[%emt 0:00:42]} 21. Nf2 {[%emt 0:02:19]} Bd6 {[%emt 0:04:48]} 22. g3 {[%emt 0:02:17]} a5 {[%emt 0:05:12]} 23. a3 {[%emt 0:00:33]} Bd7 {[%emt 0:00:13]} 24. Rfe1 {[%emt 0:00:50]} b5 {[%emt 0:05:13]} 25. Bf1 {[%emt 0:01:13]} a4 {[%emt 0:00:45]} 26. Bg2 {[%emt 0:08:24]} h5 {[%emt 0:04:45]} 27. Bf3 {[%emt 0:01:34]} Rbe8 {[%emt 0:01:36]} 28. Nd3 {[%emt 0:00:33]} Re7 {[%emt 0:01:46]} 29. Ne5 {[%emt 0:01:03]} Be8 {[%emt 0:00:25]} 30. Ra2 {[%emt 0:01:28]} Nd7 {[%emt 0:01:20]} 31. Nxd7 {[%emt 0:06:21]} Bxd7 {[%emt 0:01:36]} 32. Rae2 {[%emt 0:02:13]} Qd8 {[%emt 0:12:16]} 33. Qd3 {[%emt 0:01:10]} Qe8 {[%emt 0:00:30]} 34. Bxd5 {[%emt 0:01:46]} exd5 {[%emt 0:00:17]} 35. Rxe7 {[%emt 0:00:04]} Bxe7 {[%emt 0:00:07]} 36. Rxe7 {[%emt 0:00:13]} Bf5 {[%emt 0:00:16]} 37. Qe3 {[%emt 0:00:29]} 1-0

[Event "1st Sergiy Shystarev Memorial 2020"]
[Site "Kyiv"]
[Date "2020.08.30"]
[Round "8.5"]
[White "Dolzhykova, Kateryna"]
[Black "Solodovnichenko, Yuri"]
[Result "0-1"]
[WhiteElo "2153"]
[BlackElo "2553"]
[Annotator "ChessBase"]
[PlyCount "110"]
[EventDate "2020.08.25"]
[EventCountry "UKR"]
[SourceTitle "playchess.com"]
[Source "ChessBase"]
[SourceQuality "1"]
[TimeControl "5400+30"]

1. e4 {[%emt 0:00:00]} g6 {[%emt 0:00:00]} 2. d4 {[%emt 0:00:00]} d6 {[%emt 0:00:00]} 3. Nc3 {[%emt 0:00:00]} Bg7 {[%emt 0:00:00]} 4. f4 {[%emt 0:00:09]} a6 {[%emt 0:00:00]} 5. a4 {[%emt 0:01:01]} Nc6 {[%emt 0:04:58]} 6. Be3 {[%emt 0:01:51]} Nf6 {[%emt 0:02:31]} 7. Be2 {[%emt 0:01:28]} e6 {[%emt 0:05:56]} 8. e5 {[%emt 0:06:28]} Nd5 {[%emt 0:00:53]} 9. Nxd5 {[%emt 0:00:10]} exd5 {[%emt 0:00:05]} 10. Bf3 {[%emt 0:01:50]} Be6 {[%emt 0:01:09]} 11. Ne2 {[%emt 0:03:34]} Qd7 {[%emt 0:02:18]} 12. c4 {[%emt 0:02:06]} dxe5 13. fxe5 {[%emt 0:01:16]} dxc4 {[%emt 0:07:25]} 14. d5 {[%emt 0:02:16]} Nxe5 {[%emt 0:00:21]} 15. dxe6 {[%emt 0:00:19]} Nd3+ {[%emt 0:03:12]} 16. Kf1 {[%emt 0:00:23]} Qxe6 {[%emt 0:00:06]} 17. Bd4 {[%emt 0:04:31]} O-O-O {[%emt 0:02:29]} 18. Bg1 {[%emt 0:06:42]} Rhe8 {[%emt 0:01:23]} 19. Qc2 {[%emt 0:04:33]} g5 {[%emt 0:01:19]} 20. g4 {[%emt 0:04:25]} f5 {[%emt 0:00:56]} 21. h3 {[%emt 0:02:09]} h5 {[%emt 0:00:05]} 22. gxh5 {[%emt 0:04:25]} g4 {[%emt 0:00:18]} 23. Bg2 {[%emt 0:01:59]} Nb4 {[%emt 0:01:57]} 24. Nf4 {[%emt 0:00:01]} Nxc2 {[%emt 0:00:16]} 25. Nxe6 {[%emt 0:00:01]} Rxe6 {[%emt 0:00:25]} 26. Rc1 {[%emt 0:00:01]} Bxb2 {[%emt 0:02:22]} 27. Rxc2 {[%emt 0:00:30]} c3 {[%emt 0:11:56]} 28. hxg4 {[%emt 0:05:06]} fxg4 {[%emt 0:00:04]} 29. Bc5 {[%emt 0:05:35]} Rd2 {[%emt 0:00:30]} 30. Rxd2 cxd2 {[%emt 0:00:04]} 31. Kf2 {[%emt 0:01:12]} g3+ 32. Kxg3 {[%emt 0:04:35]} Re1 {[%emt 0:00:32]} 33. Bh3+ {[%emt 0:00:03]} Kb8 {[%emt 0:02:30]} 34. Bb4 {[%emt 0:00:27]} d1=Q {[%emt 0:02:06]} 35. Bxe1 {[%emt 0:00:06]} Qd3+ {[%emt 0:00:14]} 36. Kh2 {[%emt 0:02:23]} Be5+ {[%emt 0:00:20]} 37. Kg1 {[%emt 0:00:04]} Bd4+ {[%emt 0:00:51]} 38. Kh2 {[%emt 0:00:02]} Qe2+ {[%emt 0:00:35]} 39. Bg2 {[%emt 0:00:17]} Be5+ {[%emt 0:00:21]} 40. Bg3 {[%emt 0:00:04]} Qxh5+ {[%emt 0:00:18]} 41. Kg1 {[%emt 0:00:33]} Qd1+ {[%emt 0:00:30]} 42. Kh2 {[%emt 0:00:05]} Bxg3+ {[%emt 0:00:08]} 43. Kxg3 {[%emt 0:00:03]} Qxa4 {[%emt 0:00:09]} 44. Kf2 {[%emt 0:00:12]} Qd4+ {[%emt 0:00:21]} 45. Ke2 {[%emt 0:00:02]} b5 {[%emt 0:00:10]} 46. Rd1 {[%emt 0:00:21]} Qe5+ {[%emt 0:00:08]} 47. Kf2 {[%emt 0:00:18]} Ka7 {[%emt 0:00:17]} 48. Bf3 {[%emt 0:00:08]} Kb6 {[%emt 0:00:31]} 49. Re1 {[%emt 0:00:02]} Qd4+ {[%emt 0:00:10]} 50. Ke2 {[%emt 0:00:02]} a5 {[%emt 0:00:23]} 51. Rd1 {[%emt 0:00:15]} Qe5+ {[%emt 0:00:07]} 52. Kd3 {[%emt 0:00:13]} c5 {[%emt 0:00:39]} 53. Rh1 {[%emt 0:00:39]} c4+ {[%emt 0:00:16]} 54. Kd2 {[%emt 0:00:23]} a4 {[%emt 0:00:57]} 55. Rh5 {[%emt 0:00:11]} Qb2+ {[%emt 0:00:09]} 0-1

[Event "1st Sergiy Shystarev Memorial 2020"]
[Site "Kyiv"]
[Date "2020.08.30"]
[Round "8.6"]
[White "Hryzlova, Sofiia"]
[Black "Malakhatko, Vadim"]
[Result "1/2-1/2"]
[WhiteElo "1940"]
[BlackElo "2488"]
[Annotator "ChessBase"]
[PlyCount "120"]
[EventDate "2020.08.25"]
[EventCountry "UKR"]
[SourceTitle "playchess.com"]
[Source "ChessBase"]
[SourceQuality "1"]
[TimeControl "5400+30"]

1. c4 {[%emt 0:06:21]} g6 {[%emt 0:00:50]} 2. Nc3 {[%emt 0:00:16]} Bg7 {[%emt 0:00:17]} 3. d4 {[%emt 0:00:12]} d6 {[%emt 0:00:07]} 4. e4 {[%emt 0:00:18]} e5 {[%emt 0:00:08]} 5. d5 {[%emt 0:00:08]} f5 {[%emt 0:00:13]} 6. Bd3 {[%emt 0:06:33]} Nf6 {[%emt 0:05:05]} 7. exf5 {[%emt 0:06:55]} gxf5 {[%emt 0:04:02]} 8. Bg5 {[%emt 0:01:36]} O-O {[%emt 0:00:27]} 9. Qd2 {[%emt 0:04:24]} Qe8 {[%emt 0:04:14]} 10. O-O-O {[%emt 0:04:18]} Na6 {[%emt 0:03:27]} 11. Re1 {[%emt 0:05:42]} Qg6 {[%emt 0:05:53]} 12. f3 {[%emt 0:04:31]} Nc5 {[%emt 0:06:18]} 13. Bc2 {[%emt 0:00:56]} a5 {[%emt 0:01:53]} 14. Nh3 {[%emt 0:04:19]} a4 {[%emt 0:14:55]} 15. Nb5 {[%emt 0:04:11]} Bd7 {[%emt 0:07:31]} 16. g4 {[%emt 0:08:22]} e4 {[%emt 0:04:30]} 17. Nf4 {[%emt 0:07:15]} Qf7 {[%emt 0:03:39]} 18. gxf5 {[%emt 0:01:53]} Bxf5 {[%emt 0:03:12]} 19. Nd4 {[%emt 0:00:56]} Bd7 {[%emt 0:00:07]} 20. fxe4 {[%emt 0:01:48]} Rae8 {[%emt 0:01:40]} 21. Qg2 {[%emt 0:02:39]} Kh8 {[%emt 0:10:14]} 22. Rhf1 {[%emt 0:07:06]} a3 {[%emt 0:01:29]} 23. b4 {[%emt 0:01:05]} Na6 {[%emt 0:02:53]} 24. Nd3 {[%emt 0:06:47]} Qh5 {[%emt 0:01:07]} 25. Nf5 {[%emt 0:01:57]} Ng4 {[%emt 0:08:30]} 26. h4 {[%emt 0:02:06]} Bxf5 {[%emt 0:02:12]} 27. exf5 {[%emt 0:00:40]} Rxe1+ {[%emt 0:00:26]} 28. Rxe1 {[%emt 0:00:19]} Ne5 {[%emt 0:03:09]} 29. Nf4 {[%emt 0:03:52]} Qf7 {[%emt 0:00:06]} 30. Qe4 {[%emt 0:00:39]} Bf6 {[%emt 0:03:50]} 31. c5 {[%emt 0:00:34]} Rg8 {[%emt 0:00:38]} 32. Ne6 {[%emt 0:01:06]} h6 {[%emt 0:01:34]} 33. b5 {[%emt 0:01:24]} Nxc5 {[%emt 0:00:27]} 34. Bxf6+ {[%emt 0:00:42]} Qxf6 {[%emt 0:00:06]} 35. Nxc5 {[%emt 0:00:12]} Rg4 {[%emt 0:01:31]} 36. Qe2 {[%emt 0:03:13]} Rc4 {[%emt 0:00:35]} 37. Nb3 {[%emt 0:00:26]} Rxh4 {[%emt 0:00:31]} 38. Rg1 {[%emt 0:00:34]} Kh7 {[%emt 0:00:23]} 39. b6 {[%emt 0:01:01]} cxb6 {[%emt 0:00:12]} 40. Qb5 {[%emt 0:00:58]} Rh2 {[%emt 0:00:33]} 41. Kb1 {[%emt 0:00:26]} Nf7 {[%emt 0:00:24]} 42. Nc1 {[%emt 0:00:24]} h5 {[%emt 0:01:00]} 43. Qxb6 {[%emt 0:00:59]} h4 {[%emt 0:00:18]} 44. Qxb7 {[%emt 0:00:10]} h3 {[%emt 0:00:25]} 45. Rg6 {[%emt 0:00:36]} Qb2+ {[%emt 0:00:11]} 46. Qxb2 {[%emt 0:00:07]} axb2 {[%emt 0:00:04]} 47. Nd3 {[%emt 0:00:24]} Rg2 {[%emt 0:00:53]} 48. Nf4 {[%emt 0:01:18]} h2 {[%emt 0:00:38]} 49. Rxg2 {[%emt 0:00:09]} h1=Q+ {[%emt 0:00:05]} 50. Kxb2 {[%emt 0:00:07]} Ne5 {[%emt 0:00:40]} 51. f6+ {[%emt 0:00:26]} Kh8 {[%emt 0:00:25]} 52. Rg5 {[%emt 0:01:17]} Qf3 {[%emt 0:01:01]} 53. Ng6+ {[%emt 0:01:07]} Nxg6 {[%emt 0:00:08]} 54. Rxg6 {[%emt 0:00:04]} Qf4 {[%emt 0:00:46]} 55. Kb3 {[%emt 0:00:47]} Qd2 {[%emt 0:00:53]} 56. Kb2 {[%emt 0:00:37]} Qb4+ {[%emt 0:00:21]} 57. Kc1 {[%emt 0:00:20]} Qe1+ {[%emt 0:00:40]} 58. Kb2 {[%emt 0:00:38]} Qe5+ {[%emt 0:00:13]} 59. Kb1 {[%emt 0:00:19]} Qf4 {[%emt 0:00:51]} 60. Kb2 {[%emt 0:00:30]} Qb4+ {[%emt 0:00:29]} 1/2-1/2

[Event "1st Sergiy Shystarev Memorial 2020"]
[Site "Kyiv"]
[Date "2020.08.31"]
[Round "9.1"]
[White "Kislinsky, Alexey"]
[Black "Sivuk, Vitaly"]
[Result "1/2-1/2"]
[WhiteElo "2452"]
[BlackElo "2545"]
[Annotator "TA"]
[PlyCount "93"]
[EventDate "2020.08.25"]
[EventCountry "UKR"]
[SourceTitle "playchess.com"]
[Source "ChessBase"]
[SourceQuality "1"]

{[%evp 9,93,7,32,27,21,0,27,0,2,0,0,-9,0,-4,-3,-16,0,-52,-64,-58,-13,-47,-16,-44,-16,-37,-12,-28,0,0,0,0,0,0,62,12,21,18,19,0,0,0,0,0,8,1,12,-20,-29,-56,-66,-77,-41,-78,-65,-58,-64,-58,-25,-33,0,0,4,0,0,0,0,0,0,0,0,0,0,0,0,0,0,0,0,0,0,0,41,37,41,41]} 1. e4 c5 2. Nc3 Nc6 3. Bb5 Nd4 4. Nf3 a6 5. Bd3 Nc6 6. O-O {B23: Closed Sicilian: Lines without g3.} d6 7. h3 g6 8. a3 {White has an edge.} Bg7 9. Rb1 b5 10. Re1 Nf6 11. b4 Nd7 12. Bf1 O-O {[#]} 13. Nd5 $146 (13. a4 $11) ({Predecessor:} 13. Bb2 e6 14. Ne2 e5 15. Ng3 Nb6 16. Bc1 cxb4 17. axb4 d5 18. exd5 Nxd5 19. Bb2 {0-1 (34) Ozer,O (2336)-Bernadskiy,V (2571) Mersin 2019}) 13... e6 $15 14. Ne3 Nd4 15. Nh2 c4 16. c3 Nc6 17. d4 cxd3 18. Qxd3 Nb6 19. Nf3 d5 20. Ng4 dxe4 21. Qxe4 Nd5 (21... Bd7 $11 22. Nh6+ Kh8) 22. Nh6+ Kh8 23. c4 bxc4 24. Qxc4 Bb7 25. Bg5 Qd7 26. Rbd1 Rac8 27. Qh4 f6 28. Bc1 Nce7 29. Bd3 e5 30. Bb2 Qc7 {Strongly threatening ...Nf4.} 31. Rc1 Qb6 32. Rxc8 Bxc8 33. Bc1 Qc7 (33... Be6 {seems wilder.} 34. Ng4 Nf5 35. Bxf5 gxf5 36. Ne3 Nf4) 34. Qc4 Qxc4 35. Bxc4 Bb7 36. h4 Nc8 37. Bb3 Nd6 38. Rd1 Rc8 39. Bxd5 Bxd5 40. Be3 Nc4 41. Rxd5 {[#] Rd7 is the strong threat.} Nxe3 42. Nf7+ Kg8 43. fxe3 Kxf7 44. Rd7+ Kg8 45. Rd6 a5 46. bxa5 {Black must now prevent a6.} Rc3 47. a4 {Accuracy: White = 84%, Black = 71%.} 1/2-1/2

[Event "1st Sergiy Shystarev Memorial 2020"]
[Site "Kyiv"]
[Date "2020.08.31"]
[Round "9.2"]
[White "Shishkin, Vadim"]
[Black "Roshka, Yevgeniy"]
[Result "1/2-1/2"]
[WhiteElo "2469"]
[BlackElo "2455"]
[Annotator "TA"]
[PlyCount "115"]
[EventDate "2020.08.25"]
[EventCountry "UKR"]
[SourceTitle "playchess.com"]
[Source "ChessBase"]
[SourceQuality "1"]

{[%evp 20,115,14,18,54,32,87,62,85,78,93,72,16,30,53,28,68,47,68,66,57,37,106,105,140,94,235,215,380,374,347,337,328,164,163,159,238,242,215,177,217,174,200,165,188,171,172,170,162,135,204,213,194,184,244,198,252,246,230,217,229,224,216,131,137,163,158,115,116,110,238,231,215,154,166,149,214,206,250,260,231,152,138,16,81,0,45,0,0,0,0,0,0,0,0,0,0,0]} 1. d4 Nf6 2. c4 e6 3. Nc3 Bb4 4. Qc2 O-O 5. a3 Bxc3+ 6. Qxc3 b6 7. Bg5 Bb7 8. f3 h6 9. Bh4 c5 10. dxc5 bxc5 11. e3 Qe7 {E32: Nimzo-Indian: Classical (4 Qc2): 4...0-0.} 12. Bd3 {[#]} e5 $146 (12... d6 $14) ({Predecessor:} 12... Rd8 13. Ne2 Nc6 14. O-O g5 15. Bf2 d5 16. Rfd1 Rd7 17. cxd5 Nxd5 18. Qc2 Rc8 19. Rac1 {1-0 (33) Swol,M (2140)-Skalik,P (2340) Katowice 1993}) 13. Bc2 Qe6 {White is slightly better.} 14. O-O-O d6 15. Ne2 Nbd7 16. Rd2 Nb6 17. Ng3 d5 ({Don't go for} 17... Nxc4 $2 18. Bf5 $18) 18. Bxf6 $1 Qxf6 19. cxd5 Nxd5 20. Qb3 (20. Ne4 $5 {[%cal Re4f6]} Qb6 21. Qxe5 $14) 20... Nb6 ({Better is} 20... Rab8 $14) 21. Rhd1 $1 $16 Rad8 22. Nf5 $40 {[%mdl 128] White wants a kill.} c4 (22... Rxd2 $16 23. Rxd2 e4 24. fxe4 (24. Bxe4 Bxe4 25. fxe4 Qe5 $14) 24... Bc8) 23. Qb4 $18 Rxd2 $2 (23... Rde8 24. a4 Ba8) 24. Rxd2 {And now Ne7+ would win.} Re8 25. Nd6 Rb8 26. Qa5 ({Not} 26. Nxc4 Nxc4 27. Qxc4 Rc8 $16) (26. a4 $142) 26... Bd5 27. Nb5 Qc6 (27... Qe7 $16) 28. Nc3 {[%cal Rc3d5]} ({Weaker is} 28. Nxa7 Qb7 $11) 28... Be6 29. Qxe5 Re8 30. Qe4 Qc5 31. Rd4 g6 32. Qf4 Kg7 33. h4 Bc8 34. g4 Qe7 (34... g5 $16 {is a better defense.} 35. hxg5 hxg5) 35. Re4 Be6 36. g5 h5 (36... hxg5 $142 37. hxg5 Rh8) 37. Qe5+ Kh7 (37... Kg8 $142 38. Ne2 Nd7) 38. Rd4 Nd7 39. Qd6 Qxd6 40. Rxd6 Ne5 41. Ne4 {Hoping for Nf6+.} Kg7 42. Nf6 Rc8 43. Be4 c3 44. bxc3 Rxc3+ (44... Nc4 $16 45. Ra6 Nxe3) 45. Kd2 Rc8 {Strongly threatening ...Nc4+.} 46. Ke2 Kf8 47. f4 Nc4 {[#]} (47... Ng4 $16 {was called for.}) 48. Ra6 $1 Rd8 49. Rxa7 Rd2+ 50. Ke1 {Threatens to win with Ra8+.} Rh2 51. Nd7+ (51. Ra8+ $16 Ke7 52. Re8+ Kd6 53. Rd8+ Kc7 54. Rd3) 51... Ke8 {[#]} (51... Bxd7 $11 {keeps the balance.} 52. Rxd7 Nxe3) 52. Bc6 ({White should play} 52. Bd5 $1 $16) 52... Kd8 53. Nc5 Bg4 {The position is equal.} 54. Rxf7 Re2+ {[%mdl 64] Double Attack} 55. Kf1 {Nb7+ is the strong threat.} Nxe3+ 56. Kg1 Re1+ 57. Kh2 Re2+ 58. Kg1 {Blacks defense is rewarded with a draw. Accuracy: White = 57%, Black = 51%.} 1/2-1/2